The Inside Scouts help the kind lion / (Record no. 396941)
[ view plain ]
| 000 -LEADER | |
|---|---|
| fixed length control field | 02389cam a22006018i 4500 |
| 001 - CONTROL NUMBER | |
| control field | on1342784195 |
| 003 - CONTROL NUMBER IDENTIFIER | |
| control field | OCoLC |
| 005 - DATE AND TIME OF LATEST TRANSACTION | |
| control field | 20240523171051.0 |
| 008 - FIXED-LENGTH DATA ELEMENTS--GENERAL INFORMATION | |
| fixed length control field | 220822t20242024nyua b 000 1 eng |
| 010 ## - LIBRARY OF CONGRESS CONTROL NUMBER | |
| LC control number | 2022036895 |
| 020 ## - INTERNATIONAL STANDARD BOOK NUMBER | |
| International Standard Book Number | 9781338894981 |
| Qualifying information | (paperback) |
| 020 ## - INTERNATIONAL STANDARD BOOK NUMBER | |
| International Standard Book Number | 1338894986 |
| Qualifying information | (paperback) |
| 020 ## - INTERNATIONAL STANDARD BOOK NUMBER | |
| International Standard Book Number | 9781338894998 |
| Qualifying information | (library binding) |
| 020 ## - INTERNATIONAL STANDARD BOOK NUMBER | |
| International Standard Book Number | 1338894994 |
| Qualifying information | (library binding) |
| 020 ## - INTERNATIONAL STANDARD BOOK NUMBER | |
| Cancelled/invalid ISBN | 9781338895001 |
| Qualifying information | (ebk) |
| 035 ## - SYSTEM CONTROL NUMBER | |
| System control number | (OCoLC)1342784195 |
| Canceled/invalid control number | (OCoLC)1419270600 |
| 040 ## - CATALOGING SOURCE | |
| Original cataloging agency | NJQ/DLC |
| Language of cataloging | eng |
| Description conventions | rda |
| Transcribing agency | DLC |
| Modifying agency | OCLCF |
| -- | OCLCO |
| -- | JTH |
| -- | OCO |
| -- | OCLCO |
| -- | GO6 |
| -- | FO7 |
| -- | HBP |
| -- | OCLCO |
| -- | JBI |
| -- | OCLCO |
| -- | BDX |
| -- | UOK |
| 042 ## - AUTHENTICATION CODE | |
| Authentication code | pcc |
| 049 ## - LOCAL HOLDINGS (OCLC) | |
| Holding library | UOKA |
| 050 00 - LIBRARY OF CONGRESS CALL NUMBER | |
| Classification number | PZ7.1.R9 |
| Item number | Ki 2024 |
| 082 04 - DEWEY DECIMAL CLASSIFICATION NUMBER | |
| Classification number | [Fic] |
| Edition number | 23 |
| 092 ## - LOCALLY ASSIGNED DEWEY CALL NUMBER (OCLC) | |
| Classification number | junior graphic |
| Item number | Ruths |
| 100 1# - MAIN ENTRY--PERSONAL NAME | |
| Personal name | Ruths, Mitali Banerjee |
| Relator term | author. |
| 9 (RLIN) | 6450437 |
| 245 14 - TITLE STATEMENT | |
| Title | The Inside Scouts help the kind lion / |
| Statement of responsibility, etc | written by Mitali Banerjee Ruths ; art by Francesca Mahaney. |
| 246 3# - VARYING FORM OF TITLE | |
| Title proper/short title | Help the kind lion |
| 250 ## - EDITION STATEMENT | |
| Edition statement | First edition. |
| 264 #1 - Production, Publication, Distribution, Manufacture, and Copyright Notice. | |
| Place of production, publication, distribution, manufacture | New York : |
| Name of producer, publisher, distributor, manufacturer | Acorn/Scholastic, Inc., |
| Date of production, publication, distribution, manufacture, or copyr | 2024. |
| 264 #4 - Production, Publication, Distribution, Manufacture, and Copyright Notice. | |
| Date of production, publication, distribution, manufacture, or copyr | �2024 |
| 300 ## - PHYSICAL DESCRIPTION | |
| Extent | 57 pages : |
| Other physical details | color illustrations; |
| Dimensions | 19 cm. |
| 336 ## - Content Type | |
| Content type term | text |
| 336 ## - Content Type | |
| Content type term | still image |
| 337 ## - Media type | |
| Media type term | unmediated |
| 338 ## - Carrier type | |
| Carrier type term | volume |
| 490 1# - SERIES STATEMENT | |
| Series statement | The inside scouts ; |
| Volume number/sequential designation | 1 |
| 490 1# - SERIES STATEMENT | |
| Series statement | Acorn |
| 500 ## - GENERAL NOTE | |
| General note | "Adventures inside the body!"--Cover. |
| 520 ## - SUMMARY, ETC. | |
| Summary, etc | Inside Scouts Viv and Sanjay use their ability to shrink themselves to find and fix Ruslan the lion's leaky heart valve. |
| 521 ## - TARGET AUDIENCE NOTE | |
| Target audience note | Ages 5-7. |
| Source | Scholastic, Inc. |
| 521 ## - TARGET AUDIENCE NOTE | |
| Target audience note | Grades K-2. |
| Source | Scholastic, Inc. |
| 650 #0 - SUBJECT ADDED ENTRY--TOPICAL TERM | |
| Topical term or geographic name as entry element | Heart valves |
| General subdivision | Abnormalities |
| Form subdivision | Juvenile fiction. |
| 9 (RLIN) | 6488149 |
| 650 #0 - SUBJECT ADDED ENTRY--TOPICAL TERM | |
| Topical term or geographic name as entry element | Heart |
| General subdivision | Anatomy |
| Form subdivision | Juvenile fiction. |
| 9 (RLIN) | 6488150 |
| 650 #0 - SUBJECT ADDED ENTRY--TOPICAL TERM | |
| Topical term or geographic name as entry element | Lion |
| Form subdivision | Juvenile fiction. |
| 9 (RLIN) | 5716428 |
| 650 #0 - SUBJECT ADDED ENTRY--TOPICAL TERM | |
| Topical term or geographic name as entry element | Anatomy |
| Form subdivision | Juvenile fiction. |
| 9 (RLIN) | 6488151 |
| 650 #1 - SUBJECT ADDED ENTRY--TOPICAL TERM | |
| Topical term or geographic name as entry element | Lion |
| Form subdivision | Fiction. |
| 9 (RLIN) | 5736075 |
| 650 #1 - SUBJECT ADDED ENTRY--TOPICAL TERM | |
| Topical term or geographic name as entry element | Heart |
| General subdivision | Anatomy |
| Form subdivision | Fiction. |
| 9 (RLIN) | 6488152 |
| 650 #1 - SUBJECT ADDED ENTRY--TOPICAL TERM | |
| Topical term or geographic name as entry element | Ability |
| Form subdivision | Fiction. |
| 9 (RLIN) | 5673895 |
| 655 #7 - INDEX TERM--GENRE/FORM | |
| Genre/form data or focus term | Science fiction |
| Source of term | lcgft |
| 700 1# - ADDED ENTRY--PERSONAL NAME | |
| Personal name | Mahaney, Francesca |
| Relator term | illustrator. |
| 9 (RLIN) | 6488153 |
| 776 08 - ADDITIONAL PHYSICAL FORM ENTRY | |
| Display text | Online version: |
| Main entry heading | Banerjee Ruths, Mitali |
| Title | Help the kind lion. |
| Edition | First edition |
| Place, publisher, and date of publication | New York : Acorn/Scholastic, Inc., 2024 |
| International Standard Book Number | 9781338895001 |
| Record control number | (DLC) 2022036896 |
| 800 1# - SERIES ADDED ENTRY--PERSONAL NAME | |
| Personal name | Ruths, Mitali Banerjee. |
| Title of a work | Inside scouts ; |
| Volume/sequential designation | 1. |
| 9 (RLIN) | 6488154 |
| 830 #0 - SERIES ADDED ENTRY--UNIFORM TITLE | |
| Uniform title | Acorn (Scholastic Inc.) |
| 9 (RLIN) | 6384906 |
| 942 ## - ADDED ENTRY ELEMENTS (KOHA) | |
| Source of classification or shelving scheme | Dewey Decimal Classification |
| Koha item type | BOOK |
| Withdrawn status | Lost status | Source of classification or shelving scheme | Damaged status | Not for loan | Collection code | Home library | Current library | Shelving location | Date acquired | Source of acquisition | Total Checkouts | Total Renewals | Full call number | Barcode | Checked out | Date last seen | Date checked out | Cost, replacement price | Price effective from | Koha item type |
|---|---|---|---|---|---|---|---|---|---|---|---|---|---|---|---|---|---|---|---|---|
| Dewey Decimal Classification | Junior Graphic Novels | Wasatch County Library | Wasatch County Library | First Floor | 05/23/2024 | Penworthy | 6 | 11 | J GN Ruths | 34301002077552 | 04/28/2026 | 03/02/2026 | 03/02/2026 | 18.49 | 05/23/2024 | BOOK |
